000 01262nam a22003497a 4500
003 CHAP
005 20250515062727.0
008 971013s1996 r 00010 d
010 _a61551
011 _a62523
035 _a66697
040 _cCHAP
090 _aTesis
100 0 0 _aVelázquez Jiménez, Francisco Javier.
_9118556
245 _aAnálisis de rentabilidad privada y económica del cultivo de maíz de temporal en la región Fraylesca, Chiapas, 1995
260 _aChapingo, Méx. :
_bEl autor,
_c1996
300 _a77 h.
_b: anexos
502 _aTesis (Ing. Agr. Esp. en Econ. Agr.) -- UACH. Departamento de Economía Agrícola
590 _aALEPH
_b10
_c20130110
_lUCH01
_h1343
590 _aBATCH-UPD
_b10
_c20130110
_lUCH01
_h0450
590 _aBATCH-UPD
_b10
_c20130410
_lUCH01
_h0127
590 _aBATCH-UPD
_b10
_c20130913
_lUCH01
_h2149
590 _aCONVERSION
_b10
_c20130109
_lUCH01
_h1333
650 1 4 _aAgricultura de temporal.
_91999
650 1 4 _aMaíz
_xAspectos económicos
_xChiapas.
_970866
650 1 7 _aMaíz
_xCostos de producción
_2
_970915
650 1 4 _aMaíz
_zChiapas.
_971091
901 _aBK
942 _cFOLL
949 _bBC
_cTES
_d-151921
_eTS1
_h30639
_i66697
_si
949 _bBC
_cTES
_d33724000624870
_eTS2
_h30640
_i66697
_si
999 _c61551
_d61551